|
|
|
|
| LEADER |
01760nam a2200313 a 4500 |
| 001 |
2581332 |
| 008 |
100405s1996 ne a b 001 0 eng d |
| 010 |
|
|
|a \\\96042141
|
| 020 |
|
|
|a 0444816232 (acid-free paper)
|
| 040 |
|
|
|a DLC
|c DLC
|d DLC
|d BD-DhAAL
|
| 082 |
0 |
0 |
|a 581/.0724
|2 20
|
| 100 |
1 |
|
|a Bhojwani, S. S.
|q (Sant Saran)
|
| 245 |
1 |
0 |
|a Plant tissue culture :
|b theory and practice /
|c S.S. Bhojwani, M.K. Razdan.
|
| 250 |
|
|
|a Rev. ed.
|
| 260 |
|
|
|a Amsterdam ;
|a New York :
|b Elsevier,
|c 1996.
|
| 300 |
|
|
|a vii, 767 p. :
|b ill. ;
|c 22 cm.
|
| 490 |
0 |
|
|a Studies in plant science ;
|v 5
|
| 500 |
|
|
|a Errata slip inserted.
|
| 504 |
|
|
|a Includes bibliographical references (p. 603-747) and index.
|
| 541 |
1 |
|
|e 00015782
|
| 650 |
|
0 |
|a Plant tissue culture.
|
| 700 |
1 |
|
|a Razdan, M. K.
|
| 852 |
4 |
|
|a Ayesha Abed Library
|j General Shelf
|
| 999 |
|
|
|c 7961
|d 7961
|
| 952 |
|
|
|0 0
|1 0
|2 ddc
|4 1
|6 581_000000000000000__0724_BHO_1996
|7 0
|9 8977
|a BRACUL
|b BRACUL
|c SPS
|d 2010-04-05
|l 7
|m 68
|o 581.0724 BHO
|p 3010015782
|r 2018-01-02
|s 2017-09-19
|t 1
|w 2010-04-05
|y BK
|
| 952 |
|
|
|0 0
|1 0
|2 ddc
|4 1
|6 581_000000000000000__0724_BHO_1996
|7 0
|9 9152
|a BRACUL
|b BRACUL
|c SPS
|d 2010-04-11
|l 13
|m 69
|o 581.0724 BHO
|p 3010015780
|r 2017-12-24
|s 2017-09-19
|t 2
|w 2010-04-11
|y BK
|
| 952 |
|
|
|0 0
|1 0
|2 ddc
|4 1
|6 581_000000000000000__0724_BHO_1996
|7 0
|9 9365
|a BRACUL
|b BRACUL
|c SPS
|d 2010-04-21
|l 11
|m 73
|o 581.0724 BHO
|p 3010015781
|r 2018-01-16
|s 2017-10-24
|t 3
|w 2010-04-21
|y BK
|
| 952 |
|
|
|0 0
|1 0
|2 ddc
|4 1
|6 581_000000000000000__0724_BHO_1996
|7 0
|9 10214
|a BRACUL
|b BRACUL
|c SPS
|d 2010-05-16
|l 6
|m 53
|o 581.0724 BHO
|p 3010015779
|r 2017-12-21
|s 2017-11-28
|t 4
|w 2010-05-16
|y BK
|
| 952 |
|
|
|0 0
|1 0
|2 ddc
|4 1
|6 581_000000000000000__0724_BHO_1996
|7 0
|9 10215
|a BRACUL
|b BRACUL
|c SPS
|d 2010-05-16
|l 10
|m 72
|o 581.0724 BHO
|p 3010015783
|r 2018-02-06
|s 2017-11-26
|t 5
|w 2010-05-16
|y BK
|